[Event "Fagernes Chess International"]
[Site "Fagernes"]
[Date "2015.03.29"]
[Round "1"]
[White "Getz, Nicolai"]
[Black "Hammer, Jon Ludvig"]
[Result "0-1"]
[WhiteElo "2367"]
[BlackElo "2651"]
[PlyCount "73"]
[EventDate "2015.??.??"]

1. e4 c6 2. d4 d5 3. Nc3 dxe4 4. Nxe4 Bf5 5. Ng3 Bg6 6. h4 h6 7. Nf3 e6 8. Ne5
Bh7 9. f4 Nf6 10. c3 Be7 11. f5 Nbd7 12. Nxf7 Kxf7 13. fxe6+ Kxe6 14. Bc4+ Nd5
15. Qg4+ Kf7 16. Nh5 Rg8 17. O-O+ N7f6 18. Bd2 Qd6 19. Bb3 Qe6 20. Qf3 Be4 21.
Qf2 Qg4 22. Bd1 Qg6 23. c4 Nb6 24. Ng3 Ke8 25. h5 Qh7 26. Nxe4 Qxe4 27. Re1 Qd3
28. Bb4 Ne4 29. Rxe4 Qxe4 30. Bc2 Qh4 31. Bg6+ Kd8 32. Qf7 Qxd4+ 33. Kh1 Bxb4
34. Qxg8+ Kc7 35. Qf7+ Nd7 36. Bf5 Rf8 37. Qg6
0-1

[Event "Fagernes Chess International"]
[Site "Fagernes"]
[Date "2015.03.29"]
[Round "1"]
[White "Haug, Johannes"]
[Black "Vovk, Andrey"]
[Result "1/2-1/2"]
[WhiteElo "2339"]
[BlackElo "2644"]
[PlyCount "62"]
[EventDate "2015.??.??"]

1. e4 c5 2. Nf3 e6 3. c3 Nf6 4. e5 Nd5 5. d4 cxd4 6. cxd4 d6 7. a3 Be7 8. Bd3
O-O 9. O-O b6 10. Bd2 Ba6 11. Qe2 Bxd3 12. Qxd3 Nc6 13. Rc1 Rc8 14. Nc3 Nxc3
15. Rxc3 dxe5 16. Rac1 Qd5 17. Qc4 Qd6 18. Qa4 Nxd4 19. Rxc8 Nxf3+ 20. gxf3
Qxd2 21. Qxa7 Bd8 22. b4 g6 23. Qb8 Qf4 24. Rd1 Be7 25. Rxf8+ Bxf8 26. Qxb6
Qxf3 27. Rd8 Qg4+ 28. Kf1 Qc4+ 29. Kg1 Qg4+ 30. Kf1 Qc4+ 31. Kg1 Qg4+
1/2-1/2

[Event "Fagernes Chess International"]
[Site "Fagernes"]
[Date "2015.03.29"]
[Round "1"]
[White "Agdestein, Simen"]
[Black "Mihajlov, Sebastian"]
[Result "1-0"]
[WhiteElo "2620"]
[BlackElo "2308"]
[PlyCount "99"]
[EventDate "2015.??.??"]

1. d4 d5 2. Bg5 Nd7 3. Nc3 Ngf6 4. f3 c6 5. e4 dxe4 6. fxe4 e5 7. dxe5 Nxe5 8.
Qxd8+ Kxd8 9. O-O-O+ Kc7 10. Nf3 Bd6 11. Nd4 Bd7 12. Be2 h6 13. Bxf6 gxf6 14.
Rhf1 Be7 15. Nf5 Bxf5 16. Rxf5 Rag8 17. g3 Rg5 18. Rdf1 Rhg8 19. Nd1 b5 20. Ne3
a6 21. Rxg5 hxg5 22. Nf5 Bc5 23. h3 Rh8 24. h4 gxh4 25. gxh4 Ng6 26. h5 Ne7 27.
c3 Nxf5 28. Rxf5 Be3+ 29. Kc2 Rd8 30. Bd3 Rd6 31. b4 Bg5 32. a4 Kb6 33. e5 Rd5
34. a5+ Kc7 35. exf6 Rxf5 36. Bxf5 Bxf6 37. h6 c5 38. bxc5 Kc6 39. Bc8 Kxc5 40.
Kb3 Bg5 41. h7 Bf6 42. Bxa6 Be5 43. Bc8 Bg7 44. Bf5 Be5 45. Bd3 Kc6 46. a6 Kb6
47. Bxb5 f5 48. c4 f4 49. c5+ Kc7 50. Be2
1-0

[Event "Fagernes Chess International"]
[Site "Fagernes"]
[Date "2015.03.29"]
[Round "1"]
[White "Røyset, Pål"]
[Black "Romanov, Evgeny"]
[Result "0-1"]
[WhiteElo "2251"]
[BlackElo "2613"]
[PlyCount "106"]
[EventDate "2015.??.??"]

1. e4 e6 2. d4 d5 3. exd5 exd5 4. Nf3 Nc6 5. c4 Bb4+ 6. Nc3 Nge7 7. cxd5 Nxd5
8. Bd2 O-O 9. Be2 Re8 10. O-O Bg4 11. h3 Bh5 12. a3 Ba5 13. b4 Bb6 14. Nxd5
Qxd5 15. Be3 Rad8 16. Rc1 Qd6 17. Qb3 Ne7 18. Rfe1 Nd5 19. Ne5 Bxe2 20. Rxe2
Qe6 21. Qc4 c6 22. Rce1 Nc7 23. Qc2 Qd5 24. Nf3 f6 25. Bf4 Rxe2 26. Qxe2 Re8
27. Qd2 Rxe1+ 28. Qxe1 Ne6 29. Be3 Kf7 30. Qc3 Qa2 31. Qd3 g6 32. Qe4 Bc7 33.
g3 Qxa3 34. d5 cxd5 35. Qxd5 Qxb4 36. Bxa7 b6 37. Kg2 Ke7 38. Qb7 Qd6 39. Bb8
Qd7 40. Bxc7 Qxc7 41. Qe4 Qd7 42. h4 Kf7 43. h5 Nc5 44. Qf4 Qd5 45. hxg6+ hxg6
46. Qc7+ Nd7 47. Kg1 b5 48. Ne1 b4 49. Nc2 b3 50. Ne3 Qd4 51. Nc4 Ke7 52. Na5
Qd1+ 53. Kg2 Qd5+
0-1

[Event "Fagernes Chess International"]
[Site "Fagernes"]
[Date "2015.03.29"]
[Round "1"]
[White "Vovk, Yuri"]
[Black "Gandrud, Vegar Koi"]
[Result "1-0"]
[WhiteElo "2588"]
[BlackElo "2211"]
[PlyCount "71"]
[EventDate "2015.??.??"]

1. d4 Nf6 2. c4 g6 3. Nc3 d5 4. cxd5 Nxd5 5. e4 Nxc3 6. bxc3 Bg7 7. Nf3 c5 8.
Be3 O-O 9. Be2 Nc6 10. O-O Qc7 11. d5 Rd8 12. Bxc5 Qa5 13. Be3 Bxc3 14. Rc1 Ne5
15. Nd4 Bb4 16. a3 Bd6 17. Nb5 Bb8 18. Qd4 Bg4 19. f3 Bd7 20. a4 Bxb5 21. axb5
Bc7 22. Ra1 Qb6 23. Rfc1 Qxd4 24. Bxd4 Bb6 25. Bxb6 axb6 26. Rxa8 Rxa8 27. Rc7
Ra2 28. Kf1 g5 29. Rxe7 Ng6 30. Re8+ Kg7 31. g3 Kf6 32. Rb8 Ke5 33. Rxb7 Kd4
34. d6 Ke3 35. d7 Rd2 36. Ra7
1-0

[Event "Fagernes Chess International"]
[Site "Fagernes"]
[Date "2015.03.29"]
[Round "1"]
[White "Paulet, Iozefina"]
[Black "Burmakin, Vladimir"]
[Result "0-1"]
[WhiteElo "2205"]
[BlackElo "2581"]
[PlyCount "62"]
[EventDate "2015.??.??"]

1. e4 g6 2. d4 Bg7 3. Nc3 a6 4. Nf3 d6 5. Be3 b5 6. Bd3 Bb7 7. a4 b4 8. Na2 Nf6
9. Nd2 a5 10. c3 bxc3 11. bxc3 O-O 12. O-O Nbd7 13. Rb1 Qc8 14. f3 Ba6 15. Nc4
d5 16. Na3 e5 17. Bxa6 Qxa6 18. dxe5 Nxe5 19. Bd4 Nc4 20. Nxc4 Qxc4 21. Bxf6
Bxf6 22. Qxd5 Qxa4 23. e5 Be7 24. Qd2 Qc4 25. f4 Rfd8 26. Qc2 Bc5+ 27. Kh1 Be3
28. Rbe1 Rd2 29. Qb1 Bf2 30. f5 Bxe1 31. Qxe1 Qe2
0-1

[Event "Fagernes Chess International"]
[Site "Fagernes"]
[Date "2015.03.29"]
[Round "1"]
[White "Donchenko, Alexander"]
[Black "Mihajlov, Svetoslav"]
[Result "1-0"]
[WhiteElo "2569"]
[BlackElo "2203"]
[PlyCount "93"]
[EventDate "2015.??.??"]

1. Nf3 d5 2. g3 Nf6 3. Bg2 g6 4. c4 d4 5. b4 Bg7 6. Bb2 Nh5 7. d3 O-O 8. O-O a5
9. b5 c5 10. bxc6 Nxc6 11. Nbd2 a4 12. Rb1 Ra5 13. Ba3 Nf6 14. Rb5 Re8 15. Qc2
Ra6 16. Ng5 Qc7 17. Rfb1 h6 18. Nge4 Nd7 19. Nc5 Nxc5 20. Bxc5 f5 21. Ba3 Rd8
22. c5 Ra7 23. Nc4 Be6 24. Bc1 Bf7 25. Bf4 Qd7 26. Nb6 Qe6 27. Bc7 Qxa2 28.
Qxa2 Bxa2 29. Ra1 Bb3 30. Bxd8 Nxd8 31. Nc8 Ra6 32. Nxe7+ Kf7 33. c6 bxc6 34.
Rxb3 Kxe7 35. Rb4 Ra7 36. Rbxa4 Rxa4 37. Rxa4 Kd6 38. Ra7 Ne6 39. h4 h5 40. Ra8
Kd7 41. Ra6 f4 42. Bh3 Be5 43. Kg2 fxg3 44. fxg3 Kd6 45. Bxe6 Kxe6 46. Rxc6+
Kf5 47. Kf3
1-0

[Event "Fagernes Chess International"]
[Site "Fagernes"]
[Date "2015.03.29"]
[Round "1"]
[White "Bjerke, Richard"]
[Black "Kulaots, Kaido"]
[Result "0-1"]
[WhiteElo "2180"]
[BlackElo "2558"]
[PlyCount "80"]
[EventDate "2015.??.??"]

1. d4 Nf6 2. c4 e6 3. Nc3 Bb4 4. e3 c5 5. Nge2 d6 6. a3 Ba5 7. Bd2 O-O 8. Ng3
Nc6 9. d5 exd5 10. cxd5 Ne5 11. Be2 a6 12. O-O Re8 13. e4 b5 14. h3 Rb8 15. Qc2
Bd7 16. Nd1 Bxd2 17. Qxd2 Ng6 18. f3 Qe7 19. Bd3 Qe5 20. f4 Qd4+ 21. Qe3 h5 22.
Qxd4 cxd4 23. Ne2 Nxe4 24. f5 Nh4 25. Nxd4 Ng3 26. Rf4 Bxf5 27. Bxf5 Nhxf5 28.
Rxf5 Nxf5 29. Nxf5 Re1+ 30. Kf2 Rbe8 31. Rc1 Kh7 32. Nd4 R8e5 33. Nf3 R5e2+ 34.
Kg3 Rf1 35. Nc3 Rxc1 36. Nxe2 Rc2 37. Nfd4 Rxb2 38. Nf4 a5 39. Nf5 b4 40. axb4
a4
0-1

[Event "Fagernes Chess International"]
[Site "Fagernes"]
[Date "2015.03.29"]
[Round "1"]
[White "Rozentalis, Eduardas"]
[Black "Goossens, Hanne"]
[Result "1-0"]
[WhiteElo "2549"]
[BlackElo "2168"]
[PlyCount "49"]
[EventDate "2015.??.??"]

1. e4 c5 2. Nf3 d6 3. d4 cxd4 4. Qxd4 Nc6 5. Bb5 Bd7 6. Bxc6 Bxc6 7. c4 f5 8.
exf5 Qa5+ 9. Nbd2 Qxf5 10. O-O Nf6 11. Re1 Qd7 12. b4 e5 13. b5 Bxf3 14. Nxf3
Be7 15. Qd1 Rc8 16. Ba3 Rxc4 17. Qb3 Qc8 18. h3 Rc3 19. Rac1 Rxc1 20. Rxc1 Qd7
21. Ng5 d5 22. Bxe7 Kxe7 23. Qa3+ Kd8 24. Qxa7 Re8 25. Qb6+
1-0

[Event "Fagernes Chess International"]
[Site "Fagernes"]
[Date "2015.03.29"]
[Round "1"]
[White "Havik, Victor"]
[Black "Johannessen, Leif E"]
[Result "0-1"]
[WhiteElo "2160"]
[BlackElo "2527"]
[PlyCount "90"]
[EventDate "2015.??.??"]

1. d4 Nf6 2. c4 e6 3. Nc3 Bb4 4. e3 O-O 5. Bd3 d5 6. Nf3 b6 7. cxd5 exd5 8. O-O
Bb7 9. Bd2 Nbd7 10. Rc1 a6 11. Ne5 Bd6 12. Nxd7 Qxd7 13. f3 Rfe8 14. Qe1 Bf4
15. Qf2 Bh6 16. Rfe1 g6 17. Ne2 Qd6 18. b4 Nd7 19. Bc2 a5 20. bxa5 Rxa5 21. Bb3
c5 22. Qh4 Bxe3+ 23. Bxe3 Rxe3 24. Qd8+ Kg7 25. Ng3 Rxe1+ 26. Rxe1 Ra8 27. Qg5
Kg8 28. dxc5 Qxc5+ 29. Kh1 Qc3 30. Rc1 Re8 31. h4 Qe5 32. Qxe5 Nxe5 33. Rc7 Ba8
34. h5 Kg7 35. hxg6 hxg6 36. Kg1 Kf6 37. Ra7 Bc6 38. Ra6 Rb8 39. a4 Nd3 40. Ra7
Nc5 41. Bc2 Ra8 42. Rc7 Bxa4 43. Bxa4 Rxa4 44. Rc6+ Ke5 45. Rxb6 Ra1+
0-1

[Event "Fagernes Chess International"]
[Site "Fagernes"]
[Date "2015.03.29"]
[Round "1"]
[White "Urkedal, Frode Olav Olsen"]
[Black "Dolzhikova, Olga"]
[Result "1-0"]
[WhiteElo "2524"]
[BlackElo "2159"]
[PlyCount "81"]
[EventDate "2015.??.??"]

1. d4 Nf6 2. c4 e6 3. Nf3 Bb4+ 4. Bd2 Qe7 5. g3 b6 6. Bg2 Bb7 7. O-O O-O 8. Bg5
h6 9. Bxf6 Qxf6 10. a3 Be7 11. Nc3 Rd8 12. e4 Bf8 13. e5 Qe7 14. Qd3 d5 15.
cxd5 exd5 16. Rfe1 Qe6 17. Ne2 Ba6 18. Qd1 Bxe2 19. Rxe2 c5 20. Qf1 Qg4 21. e6
fxe6 22. Nh4 Nc6 23. Bh3 Qh5 24. Bxe6+ Kh8 25. Rd1 cxd4 26. Bf5 Rd6 27. Rde1 d3
28. Bxd3 Nd4 29. Re5 Qf7 30. f4 Nc6 31. Rf5 Rf6 32. Bb1 Bc5+ 33. Kg2 Rxf5 34.
Bxf5 Ne7 35. Rxe7 Bxe7 36. Ng6+ Kg8 37. Qe2 Kh7 38. Nxe7+ Kh8 39. Ng6+ Kh7 40.
Qd3 Qf6 41. Be6
1-0

[Event "Fagernes Chess International"]
[Site "Fagernes"]
[Date "2015.03.29"]
[Round "1"]
[White "Martinsen, Stig K."]
[Black "Werle, Jan"]
[Result "0-1"]
[WhiteElo "2157"]
[BlackElo "2514"]
[PlyCount "82"]
[EventDate "2015.??.??"]

1. d4 Nf6 2. c4 c5 3. d5 e6 4. Nc3 exd5 5. cxd5 d6 6. Nf3 g6 7. Bf4 a6 8. a4
Bg7 9. h3 O-O 10. e3 Re8 11. Nd2 Nbd7 12. Be2 Ne5 13. O-O Nfd7 14. Qc2 f5 15.
Bg3 Nf6 16. Rfe1 b6 17. Rab1 Bb7 18. Qb3 Rb8 19. Rbd1 Kh8 20. e4 Nxe4 21. Ndxe4
fxe4 22. Nxe4 b5 23. axb5 axb5 24. Qe3 c4 25. Ng5 Qf6 26. Qf4 Qe7 27. Ne6 Bf6
28. b3 cxb3 29. Bxb5 Rec8 30. Qa4 Bxd5 31. Nd4 Qb7 32. Ba6 Qa8 33. Bb5 Qxa4 34.
Bxa4 b2 35. Bc2 Ba2 36. Bb1 Bxb1 37. Rxb1 Nd3 38. Red1 Bxd4 39. Rxd3 Rc1+ 40.
Rd1 Rxd1+ 41. Rxd1 b1=Q
0-1

[Event "Fagernes Chess International"]
[Site "Fagernes"]
[Date "2015.03.29"]
[Round "1"]
[White "Tari, Aryan"]
[Black "Merkesvik, Sondre"]
[Result "1-0"]
[WhiteElo "2509"]
[BlackElo "2135"]
[PlyCount "79"]
[EventDate "2015.??.??"]

1. c4 Nf6 2. Nc3 d5 3. cxd5 Nxd5 4. g3 g6 5. Bg2 c6 6. Qb3 Nb6 7. Nf3 Bg7 8.
O-O e5 9. d3 Be6 10. Qc2 O-O 11. Ng5 Qe7 12. Be3 N8d7 13. Nxe6 Qxe6 14. b4 Nf6
15. Rab1 Nbd5 16. Nxd5 Nxd5 17. Bd2 Nc7 18. a4 a6 19. Rfc1 Rac8 20. Qc5 Qd7 21.
Qc4 Bf6 22. h4 h5 23. Kh2 Rcd8 24. Be3 Nd5 25. Bh6 Rfe8 26. b5 cxb5 27. axb5 a5
28. b6 Be7 29. Bd2 Nf6 30. Bh3 Ng4+ 31. Bxg4 hxg4 32. Bxa5 Qf5 33. Be1 g5 34.
h5 Kg7 35. Kg2 Rh8 36. Bc3 Rxh5 37. Rh1 Rxh1 38. Rxh1 Rc8 39. Bxe5+ f6 40. Bc7
1-0

[Event "Fagernes Chess International"]
[Site "Fagernes"]
[Date "2015.03.29"]
[Round "1"]
[White "Vovk, Oksana"]
[Black "Graf, Felix"]
[Result "1/2-1/2"]
[WhiteElo "2112"]
[BlackElo "2478"]
[PlyCount "76"]
[EventDate "2015.??.??"]

1. d4 e6 2. Nf3 Nf6 3. c4 b6 4. g3 Bb7 5. Bg2 g6 6. O-O Bg7 7. Nc3 Ne4 8. Nxe4
Bxe4 9. Bg5 f6 10. Be3 O-O 11. Qd2 Nc6 12. Rfd1 f5 13. Bh6 Qf6 14. Bxg7 Kxg7
15. Ne5 Nxe5 16. dxe5 Qxe5 17. Qxd7+ Rf7 18. Qd4 Qxd4 19. Rxd4 Bxg2 20. Kxg2 e5
21. Rd5 e4 22. Rad1 Re8 23. b3 a5 24. c5 Re6 25. cxb6 cxb6 26. Rc1 h5 27. Rc3
f4 28. a4 Ref6 29. f3 Re6 30. gxf4 Rxf4 31. Kg3 exf3 32. exf3 Rf7 33. Rcd3 Ref6
34. Rb5 Kh6 35. h4 Rc7 36. Re3 Kg7 37. b4 axb4 38. Rxb4 Ra7
1/2-1/2

[Event "Fagernes Chess International"]
[Site "Fagernes"]
[Date "2015.03.29"]
[Round "1"]
[White "Dann, Matthias"]
[Black "Risting, Eivind Olav"]
[Result "1-0"]
[WhiteElo "2475"]
[BlackElo "2100"]
[PlyCount "61"]
[EventDate "2015.??.??"]

1. e4 e6 2. d4 d5 3. Nc3 Nf6 4. Bg5 dxe4 5. Nxe4 Be7 6. Bxf6 gxf6 7. Nf3 f5 8.
Nc3 a6 9. g3 b5 10. Bg2 Bb7 11. O-O O-O 12. a4 b4 13. Ne2 Qd6 14. Qd2 Nd7 15.
Qh6 Kh8 16. Rad1 Rac8 17. Rfe1 Bf6 18. Qh3 Be4 19. c4 bxc3 20. bxc3 Qc6 21. Qh5
Qxa4 22. Nf4 c5 23. d5 e5 24. Nh3 Bc2 25. Nhg5 f4 26. Ra1 Qb5 27. Nxf7+ Kg7 28.
Nd6 Qb8 29. Qg4+ Kh8 30. Qxd7 Rc7 31. Qh3
1-0

[Event "Fagernes Chess International"]
[Site "Fagernes"]
[Date "2015.03.29"]
[Round "1"]
[White "Kaasen, Tor Fredrik"]
[Black "Galinsky, Timofey"]
[Result "0-1"]
[WhiteElo "2099"]
[BlackElo "2411"]
[PlyCount "52"]
[EventDate "2015.??.??"]

1. e4 e6 2. d4 d5 3. Nc3 Nc6 4. Nf3 Nge7 5. e5 Nf5 6. Be2 Be7 7. O-O g5 8. g4
Ng7 9. Be3 f5 10. exf6 Bxf6 11. Qd2 h6 12. h4 a6 13. Bd3 Qd6 14. Bg6+ Kf8 15.
Ne2 e5 16. Nxe5 Bxe5 17. f4 Qxg6 18. fxe5+ Ke8 19. hxg5 hxg5 20. Ng3 Bxg4 21.
Rf6 Qh7 22. Qf2 Ne7 23. Rf7 Be6 24. Rf6 Qh4 25. Rf1 Kd7 26. c4 Nef5
0-1

[Event "Fagernes Chess International"]
[Site "Fagernes"]
[Date "2015.03.29"]
[Round "1"]
[White "Nilsen, Joachim B."]
[Black "Kjølberg, Jens Hjorth"]
[Result "1-0"]
[WhiteElo "2406"]
[BlackElo "2094"]
[PlyCount "75"]
[EventDate "2015.??.??"]

1. c4 e6 2. Nf3 Nf6 3. g3 d5 4. Bg2 d4 5. O-O c5 6. e3 Nc6 7. d3 Be7 8. exd4
cxd4 9. Bg5 O-O 10. Bxf6 Bxf6 11. Nbd2 e5 12. a3 a5 13. c5 Bg4 14. h3 Bh5 15.
Re1 Qc7 16. Nc4 h6 17. Nb6 Rab8 18. Rb1 Rfe8 19. b4 axb4 20. axb4 Na7 21. Qa4
Nc6 22. Nd2 Qd8 23. Bxc6 bxc6 24. Qxc6 Re6 25. Qg2 Bg6 26. Qf3 Rexb6 27. cxb6
Qxb6 28. b5 Qa5 29. Nc4 Qc3 30. Red1 e4 31. Qf4 Re8 32. b6 Bg5 33. Qc7 e3 34.
Nxe3 Bxe3 35. fxe3 Qa5 36. e4 Qg5 37. Qf4 Qc5 38. b7
1-0

[Event "Fagernes Chess International"]
[Site "Fagernes"]
[Date "2015.03.29"]
[Round "1"]
[White "Djurhuus, Eivind X"]
[Black "Salomon, Johan"]
[Result "0-1"]
[WhiteElo "2077"]
[BlackElo "2401"]
[PlyCount "56"]
[EventDate "2015.??.??"]

1. c4 c6 2. Nf3 d5 3. e3 Nf6 4. Nc3 a6 5. d4 e6 6. a4 Bd6 7. Bd3 Nbd7 8. O-O
O-O 9. e4 dxc4 10. Bxc4 e5 11. Be3 Qc7 12. h3 exd4 13. Bxd4 Ne5 14. Nxe5 Bxe5
15. Bxe5 Qxe5 16. Re1 Bd7 17. a5 Rad8 18. Qb3 Bc8 19. Qa2 g5 20. Rad1 Rxd1 21.
Rxd1 g4 22. Rd3 gxh3 23. Rg3+ Kh8 24. Bxf7 Ng4 25. b4 h2+ 26. Kh1 Qf4 27. Qb2
Nxf2+ 28. Kxh2 Ng4+
0-1

[Event "Fagernes Chess International"]
[Site "Fagernes"]
[Date "2015.03.29"]
[Round "1"]
[White "Wallace, John Paul"]
[Black "Grønnestad, Anita"]
[Result "1-0"]
[WhiteElo "2388"]
[BlackElo "1987"]
[PlyCount "105"]
[EventDate "2015.??.??"]

1. e4 e6 2. f4 d5 3. e5 c5 4. Nf3 Nc6 5. c3 Bd7 6. Bd3 Nge7 7. O-O Qc7 8. Bc2
a6 9. a3 Nf5 10. g4 Nfe7 11. d4 cxd4 12. cxd4 h5 13. h3 hxg4 14. hxg4 g6 15.
Nc3 Na7 16. Be3 Nb5 17. Ne2 Nc6 18. Kg2 Be7 19. Rc1 O-O-O 20. Neg1 Rh7 21. Nh3
Rdh8 22. Rh1 Kb8 23. Nf2 Qd8 24. Rxh7 Rxh7 25. Qd3 Nc7 26. Rh1 Rxh1 27. Kxh1
Na5 28. Nh3 Bb5 29. Qd1 Nc4 30. Bc1 Qh8 31. Kg2 Qg7 32. Nhg5 Be8 33. Qe1 Bd7
34. a4 b6 35. Qh4 f5 36. exf6 Bxf6 37. b3 Na5 38. Ne5 Bxe5 39. dxe5 d4 40. Qh7
Bc6+ 41. Kg3 Qxh7 42. Nxh7 d3 43. Bxd3 Nxb3 44. Ba3 Nd4 45. Bb2 Nb3 46. Bxg6
Kc8 47. Nf6 Bxa4 48. Bf7 Kd8 49. g5 Ke7 50. g6 Kf8 51. f5 Nc5 52. Nh7+ Kg7 53.
f6+
1-0

[Event "Fagernes Chess International"]
[Site "Fagernes"]
[Date "2015.03.29"]
[Round "1"]
[White "Hølleland, Sigve"]
[Black "Hauge, Lars Oskar"]
[Result "1/2-1/2"]
[WhiteElo "1963"]
[BlackElo "2380"]
[PlyCount "42"]
[EventDate "2015.??.??"]

1. d4 Nf6 2. c4 e6 3. Nf3 b6 4. g3 Ba6 5. Nbd2 c5 6. e4 d6 7. d5 exd5 8. exd5
Be7 9. Bg2 b5 10. b3 O-O 11. O-O Nbd7 12. Re1 Rb8 13. Qc2 Nb6 14. Bb2 Nfd7 15.
Bf1 bxc4 16. bxc4 Bf6 17. Bxf6 Nxf6 18. Re3 Re8 19. Ne4 Nxe4 20. Rxe4 g6 21.
Ng5 f5
1/2-1/2

[Event "Fagernes Chess International"]
[Site "Fagernes"]
[Date "2015.03.29"]
[Round "2"]
[White "Hammer, Jon Ludvig"]
[Black "Urkedal, Frode Olav Olsen"]
[Result "1-0"]
[WhiteElo "2651"]
[BlackElo "2524"]
[PlyCount "131"]
[EventDate "2015.??.??"]

1. d4 Nf6 2. c4 e6 3. Nc3 Bb4 4. e3 O-O 5. Bd3 d5 6. Nf3 b6 7. cxd5 exd5 8. a3
Bxc3+ 9. bxc3 Ba6 10. Bxa6 Nxa6 11. Qd3 Qc8 12. c4 dxc4 13. Qxc4 c5 14. Bb2
cxd4 15. Qxc8 Raxc8 16. Nxd4 Nc5 17. Rd1 Na4 18. Ba1 Rfd8 19. f3 Ne8 20. Kf2
Nd6 21. g4 Nc5 22. h4 f6 23. Ke2 Kf7 24. Rc1 b5 25. Rhd1 a6 26. Nf5 Nc4 27.
Rxc4 bxc4 28. Nd6+ Ke6 29. Nxc8 Rxc8 30. Rd4 Nb7 31. Bc3 a5 32. a4 Rc5 33. Re4+
Kf7 34. Kd2 Nd6 35. Rd4 Ke6 36. Bb2 Nc8 37. Rd8 Nb6 38. Bd4 Rc6 39. Re8+ Kf7
40. Rb8 Nd5 41. Bc3 Rb6 42. Rxb6 Nxb6 43. Bd4 Nxa4 44. e4 Ke6 45. f4 Kd6 46.
e5+ Kd5 47. exf6 gxf6 48. Ke3 Nc5 49. Bxf6 a4 50. g5 a3 51. h5 Ke6 52. Bd4 a2
53. g6 Na4 54. Ba1 h6 55. f5+ Ke7 56. f6+ Kf8 57. Kd4 c3 58. Kd3 Nc5+ 59. Kxc3
Ne4+ 60. Kc4 Ng3 61. Be5 Nxh5 62. Bd6+ Ke8 63. f7+ Kd7 64. f8=Q a1=N 65. Qe7+
Kc6 66. Qc7#
1-0

[Event "Fagernes Chess International"]
[Site "Fagernes"]
[Date "2015.03.29"]
[Round "2"]
[White "Johannessen, Leif E"]
[Black "Postny, Evgeny"]
[Result "1/2-1/2"]
[WhiteElo "2527"]
[BlackElo "2645"]
[PlyCount "87"]
[EventDate "2015.??.??"]

1. d4 d5 2. c4 c6 3. Nc3 Nf6 4. e3 a6 5. Nf3 Bf5 6. Bd3 Bg6 7. O-O e6 8. Qe2
Bb4 9. Bd2 Bxc3 10. Bxc3 O-O 11. a4 Nbd7 12. a5 Re8 13. Bxg6 hxg6 14. Rfd1 Ne4
15. Bb4 Qc7 16. Rac1 g5 17. Ne1 f5 18. f3 Nef6 19. Nd3 Kf7 20. Be1 Rh8 21. Bg3
Qxa5 22. b4 Qd8 23. Nc5 Ra7 24. cxd5 exd5 25. Qc2 Nxc5 26. bxc5 Qd7 27. Rb1 a5
28. Rb3 Rha8 29. Rdb1 Kg8 30. Be5 a4 31. Ra3 Qe6 32. Rb4 Nd7 33. f4 gxf4 34.
exf4 Nxe5 35. fxe5 Qh6 36. Rbxa4 Rxa4 37. Rxa4 Qe3+ 38. Kf1 Qf4+ 39. Kg1 Qe3+
40. Kf1 Rf8 41. Qb2 Qf4+ 42. Kg1 Qe3+ 43. Kf1 Qf4+ 44. Kg1
1/2-1/2

[Event "Fagernes Chess International"]
[Site "Fagernes"]
[Date "2015.03.29"]
[Round "2"]
[White "Werle, Jan"]
[Black "Agdestein, Simen"]
[Result "1-0"]
[WhiteElo "2514"]
[BlackElo "2620"]
[PlyCount "83"]
[EventDate "2015.??.??"]

1. d4 Nf6 2. c4 e6 3. Nc3 Bb4 4. e3 O-O 5. Bd3 d5 6. Nf3 b6 7. O-O Ba6 8. cxd5
exd5 9. Bxa6 Nxa6 10. Qa4 Qc8 11. Bd2 Re8 12. Rac1 Bf8 13. Rfd1 c5 14. Be1 Nc7
15. dxc5 bxc5 16. Qc2 Qe6 17. Ne2 Bd6 18. Ng3 Rac8 19. Bc3 Bxg3 20. Bxf6 Bd6
21. Bh4 Na8 22. Bg3 Be7 23. Qa4 Nb6 24. Qxa7 Ra8 25. Qb7 Rxa2 26. b4 c4 27. Nd4
Qf6 28. Nc6 Bd6 29. Rf1 Nc8 30. Nd4 Bxg3 31. hxg3 Ne7 32. Ra1 Rxa1 33. Rxa1 Qe5
34. Ra8 Kf8 35. b5 c3 36. b6 Qh5 37. Rxe8+ Kxe8 38. Qa8+ Kd7 39. Qa4+ Kd6 40.
g4 Qe5 41. Qa3+ Kd7 42. Qa7+
1-0

[Event "Fagernes Chess International"]
[Site "Fagernes"]
[Date "2015.03.29"]
[Round "2"]
[White "Romanov, Evgeny"]
[Black "Tari, Aryan"]
[Result "1/2-1/2"]
[WhiteElo "2613"]
[BlackElo "2509"]
[PlyCount "49"]
[EventDate "2015.??.??"]

1. d4 Nf6 2. Nf3 g6 3. Bg5 Bg7 4. Nbd2 O-O 5. e4 d6 6. Bc4 c5 7. dxc5 dxc5 8.
Qe2 Nc6 9. e5 Ng4 10. e6 f5 11. h3 Nge5 12. Nxe5 Nxe5 13. Bb3 h6 14. Bf4 Qd4
15. Bxe5 Qxe5 16. Qxe5 Bxe5 17. O-O-O Kg7 18. Rhe1 Kf6 19. a4 b6 20. Nc4 Bf4+
21. Kb1 Ba6 22. Rd7 Bc8 23. Rdd1 Ba6 24. Rd7 Bc8 25. Rdd1
1/2-1/2

[Event "Fagernes Chess International"]
[Site "Fagernes"]
[Date "2015.03.29"]
[Round "2"]
[White "Dann, Matthias"]
[Black "Vovk, Yuri"]
[Result "0-1"]
[WhiteElo "2475"]
[BlackElo "2588"]
[PlyCount "64"]
[EventDate "2015.??.??"]

1. e4 c5 2. Nf3 e6 3. d4 cxd4 4. Nxd4 Nc6 5. Nc3 Qc7 6. f4 a6 7. Nxc6 Qxc6 8.
Bd3 b5 9. Qe2 Bb7 10. Bd2 Rc8 11. a3 Bc5 12. O-O-O Ne7 13. Qh5 O-O 14. Rhf1 f5
15. g4 b4 16. axb4 Bxb4 17. gxf5 exf5 18. Rg1 Qf6 19. e5 Qb6 20. Rg3 Rc6 21.
Rdg1 Rg6 22. Bc4+ Kh8 23. Rxg6 Nxg6 24. Rg3 d5 25. exd6 Qxd6 26. Rh3 h6 27. Rd3
Qf6 28. Be3 Bd6 29. Ne2 Kh7 30. Bd4 Qe7 31. Rg3 Nxf4 32. Qh4 g5
0-1

[Event "Fagernes Chess International"]
[Site "Fagernes"]
[Date "2015.03.29"]
[Round "2"]
[White "Burmakin, Vladimir"]
[Black "Nilsen, Joachim B."]
[Result "1-0"]
[WhiteElo "2581"]
[BlackElo "2406"]
[PlyCount "97"]
[EventDate "2015.??.??"]

1. d4 Nf6 2. Nf3 g6 3. Bf4 Bg7 4. e3 O-O 5. Be2 d6 6. O-O c5 7. c3 b6 8. h3 Bb7
9. a4 a6 10. Bh2 Nbd7 11. Nbd2 Ra7 12. Qb3 Qa8 13. Rfc1 Rb8 14. c4 Ne4 15. Nf1
h6 16. Qa2 Ng5 17. d5 Nxf3+ 18. Bxf3 Bc8 19. Nd2 Qb7 20. Be2 Rba8 21. Qb3 Nf6
22. e4 Bd7 23. e5 dxe5 24. Bxe5 Ne8 25. Qe3 Bxe5 26. Qxe5 Qb8 27. Qxe7 Bxh3 28.
Qe3 Bf5 29. g4 Bd7 30. Ne4 Qe5 31. a5 b5 32. Nxc5 Qxb2 33. Nd3 Qg7 34. c5 Nf6
35. Qd4 Nxg4 36. Qxg7+ Kxg7 37. c6 Bf5 38. Bxg4 Bxg4 39. Nb4 Re8 40. Re1 Rd8
41. Rac1 Bc8 42. Rcd1 Rd6 43. Re8 Rc7 44. Rde1 Kf6 45. f3 h5 46. Rh8 Kg7 47.
Ree8 Bd7 48. cxd7 Rdxd7 49. Rc8
1-0

[Event "Fagernes Chess International"]
[Site "Fagernes"]
[Date "2015.03.29"]
[Round "2"]
[White "Galinsky, Timofey"]
[Black "Donchenko, Alexander"]
[Result "0-1"]
[WhiteElo "2411"]
[BlackElo "2569"]
[PlyCount "136"]
[EventDate "2015.??.??"]

1. d4 Nf6 2. Nf3 d5 3. e3 c5 4. dxc5 e6 5. c4 Bxc5 6. Nc3 O-O 7. a3 dxc4 8.
Qxd8 Rxd8 9. Bxc4 b6 10. Ke2 Bb7 11. Rd1 Rxd1 12. Kxd1 Nbd7 13. Bd2 Ng4 14. Ke2
Nde5 15. Bb5 a6 16. Ba4 Nc4 17. Bb3 Nxd2 18. Nxd2 b5 19. Bc2 Nf6 20. Nde4 Be7
21. Rd1 Nxe4 22. Nxe4 Bd5 23. f3 Rc8 24. Bd3 f5 25. Nd2 Bf6 26. Rb1 Ba2 27. Ra1
Bd5 28. Rb1 g6 29. e4 Bb7 30. b4 Bd4 31. Nb3 Bb6 32. Rb2 fxe4 33. fxe4 Kf7 34.
Rc2 Rxc2+ 35. Bxc2 Kf6 36. Nd2 Bd4 37. Nf3 Bb2 38. a4 bxa4 39. Bxa4 Bxe4 40.
Ke3 Bd5 41. b5 a5 42. b6 e5 43. h4 Ba3 44. Ng5 Bc5+ 45. Kd3 Bxb6 46. Nxh7+ Kg7
47. Ng5 Bxg2 48. Bd1 Bd5 49. Ne4 Bd4 50. Nd6 Kf6 51. Nb5 Bb6 52. Nc3 Bc6 53. h5
gxh5 54. Bxh5 Kf5 55. Kc4 e4 56. Bd1 Kf4 57. Bc2 e3 58. Kd3 Bb7 59. Bd1 Ba6+
60. Kc2 Bd4 61. Nd5+ Ke4 62. Nc3+ Kf4 63. Nd5+ Kg3 64. Ne7 Kf2 65. Nc6 Bb6 66.
Kb3 Bb5 67. Ne5 e2 68. Bxe2 Kxe2
0-1